| 000 | 01287nad a22003253ic4500 | ||
|---|---|---|---|
| 001 | EBC7175210 | ||
| 003 | MiAaPQ | ||
| 005 | 20240320181802.0 | ||
| 007 | cr cnu|||||||| | ||
| 008 | 230317s2023 xx o ||||0 eng d | ||
| 020 |
_a9781350276215 _q(electronic bk.) |
||
| 020 | _z9781350276208 | ||
| 040 |
_aMiAaPQ _beng _cMiAaPQ |
||
| 100 | 1 |
_aAdams, Thomas M. _921772 _4aut _eVerfasser |
|
| 245 | 1 | 0 |
_aEurope's Welfare Traditions since 1500 _nVolume 1 _p1500-1700 _cThomas McStay Adams |
| 264 | 1 |
_aLondon ; New York ; Oxford ; New Delhi ; Sydney : _bBloomsbury Academic, _c2023. |
|
| 264 | 4 | _c©2023. | |
| 300 | _a1 online resource (297 pages) | ||
| 336 |
_aText _btxt _2rdacontent |
||
| 337 |
_aComputermedien _bc _2rdamedia |
||
| 338 |
_aOnline Resource _bcr _2rdacarrier |
||
| 500 | _aE-Book-ProQuest / Fernzugriff nach Registrierung möglich | ||
| 655 | 4 | _aElectronic books. | |
| 655 |
_aFernzugriff _9230 |
||
| 773 |
_qVolume1 _w1826996559 |
||
| 776 | 0 | 8 |
_iPrint version: _aAdams, Thomas McStay _tEurope's Welfare Traditions since 1500, Volume 1 _dLondon : Bloomsbury Publishing Plc,c2023 _z9781350276208 |
| 856 | 4 | 0 |
_uhttps://ebookcentral.proquest.com/lib/maxweberstiftung-ebooks/detail.action?docID=7175210 _zVolltext |
| 942 |
_cEB _2z |
||
| 999 |
_c62034 _d62034 |
||